MARC details
| 000 -CABECERA |
| campo de control de longitud fija |
03655nam a2200301 a 4500 |
| 003 - IDENTIFICADOR DEL NÚMERO DE CONTROL |
| campo de control |
OSt |
| 005 - FECHA Y HORA DE LA ÚLTIMA TRANSACCIÓN |
| campo de control |
20240904142440.0 |
| 007 - CAMPO FIJO DE DESCRIPCIÓN FÍSICA--INFORMACIÓN GENERAL |
| campo de control de longitud fija |
cr ||||||a|c|a |
| 008 - DATOS DE LONGITUD FIJA--INFORMACIÓN GENERAL |
| campo de control de longitud fija |
240129s2022 mx a|||fom||| 001 0 spa d |
| 040 ## - FUENTE DE LA CATALOGACIÓN |
| Normas de descripción |
rda |
| 100 1# - ENTRADA PRINCIPAL--NOMBRE DE PERSONA |
| 9 (RLIN) |
188606 |
| Nombre de persona |
Gabino Rodríguez, Elena |
| 245 10 - MENCIÓN DE TÍTULO |
| Título |
Desarrollo y rendimiento de variedades de maíz (Zea mays L.) en Atltzayanca, Tlaxcala, México / |
| Mención de responsabilidad, etc. |
por Elena Gabino Rodríguez ; director de tesis Rafael Mora Aguilar. |
| 264 1# - PRODUCCIÓN, PUBLICACIÓN, DISTRIBUCIÓN, FABRICACIÓN Y COPYRIGHT |
| Producción, publicación, distribución, fabricación y copyright |
Chapingo, México : |
| Nombre del de productor, editor, distribuidor, fabricante |
El autor, |
| Fecha de producción, publicación, distribución, fabricación o copyright |
2022. |
| 300 ## - DESCRIPCIÓN FÍSICA |
| Extensión |
1 recurso en línea (87 páginas). |
| Otras características físicas |
cuadros, figuras. |
| 336 ## - TIPO DE CONTENIDO |
| Fuente |
rdacontent |
| Término de tipo de contenido |
texto |
| Código de tipo de contenido |
txt |
| 337 ## - TIPO DE MEDIO |
| Fuente |
rdamedia |
| Nombre/término del tipo de medio |
computadora |
| Código del tipo de medio |
c |
| 338 ## - TIPO DE SOPORTE |
| Fuente |
rdacarrier |
| Nombre/término del tipo de soporte |
recurso en línea |
| Código del tipo de soporte |
cr |
| 502 ## - NOTA DE TESIS |
| Tipo de título |
Ingeniero Agrónomo Especialista en Parasitología Agrícola |
| Nombre de la institución que otorga el título |
Departamento de Enseñanza, Investigación y Servicio en Parasitología Agrícola, |
| Año de obtención del título |
2022. |
| Información miscelánea |
Licenciatura |
| 504 ## - NOTA DE BIBLIOGRAFÍA, ETC. |
| Nota de bibliografía, etc. |
Incluye referencias bibliográficas: páginas 62-76. |
| 520 ## - SUMARIO, ETC. |
| Sumario, etc. |
Dada la importancia que tiene el maíz, en México en general y en el estado de Tlaxcala en particular, y con el fin de contribuir en al aumento de su producción, la presente investigación tuvo como objetivo estudiar el comportamiento fenológico y rendimiento de variedades de maíz, establecido con riego por goteo en un sistema de manejo convencional, en el municipio de Atltzayanca en el Estado de Tlaxcala, mediante un diseño experimental de bloques completamente al azar de diez tratamientos con cuatro repeticiones cada uno. La unidad experimental fue una superficie de 5 m2. Los tratamientos evaluados fueron: T1. A 470, T2. MS 152, T3. CRIOLLO, T4. SB 355, T5. CENZONTLE, T6. SB 335, T7. ALBATROS, T8. ALPINISTA, T9. Z60 y T10. FAISAN. El experimento se llevó a cabo en el Ciclo Primavera-Verano del año 2021, y se determinaron las variables cuantitativas: número de plantas, número de mazorcas, número de granos por mazorca y el peso de 100 granos (a 14 % humedad) para calcular el rendimiento. Además de otros componentes morfológicos importantes como: altura de planta, longitud de mazorca, diámetro de mazorca, longitud del olote, diámetro del olote, peso específico e índice de fecundidad. Así como, el registro de los principales estadios de desarrollo, para identificar genotipos con adaptación al sitio. Los resultados se analizaron a través de un análisis de varianza, la prueba de comparación de medias de Tukey (P≤0.05) y análisis de correlación de los principales componentes. Los tratamientos evaluados presentaron significancia estadística en las variables registradas. Las variedades con rendimiento numéricamente sobresaliente fueron: SB 335 (7.1 t·ha-1), Z60 (6.8 t·ha-1) y ALBATROS (6.7 t·ha-1); de éstas, Z60 fue la que tuvo mayor densidad de población (130,000 plantas·ha-1; 98 % de lo esperado) en comparación con las, aproximadas 100,000 plantas·ha-1 (75 % de lo esperado), de las otras dos variedades. En cuanto al desarrollo vegetativo, los genotipos Z60, CRIOLLO, SB 335, CENZONTLE y SB 355 presentaron el periodo más corto a la aparición de la hoja bandera (83 días posteriores a la siembra) indicando rápida adaptación al ambiente. En general fue notable que los híbridos resistieron más las condiciones adversas (alta densidad, fertilización deficiente, huracanes) que se presentaron durante el ciclo de cultivo con respecto al material CRIOLLO. |
| 650 #4 - PUNTO DE ACCESO ADICIONAL DE MATERIA--TÉRMINO DE MATERIA |
| 9 (RLIN) |
130890 |
| Término de materia o nombre geográfico como elemento de entrada |
Maíz híbrido |
| Subdivisión general |
Rendimiento |
| 650 #4 - PUNTO DE ACCESO ADICIONAL DE MATERIA--TÉRMINO DE MATERIA |
| 9 (RLIN) |
70963 |
| Término de materia o nombre geográfico como elemento de entrada |
Maíz |
| Subdivisión general |
Genética |
| 650 #4 - PUNTO DE ACCESO ADICIONAL DE MATERIA--TÉRMINO DE MATERIA |
| 9 (RLIN) |
141323 |
| Término de materia o nombre geográfico como elemento de entrada |
Maíz |
| Subdivisión general |
Variedades |
| 650 #4 - PUNTO DE ACCESO ADICIONAL DE MATERIA--TÉRMINO DE MATERIA |
| 9 (RLIN) |
70934 |
| Término de materia o nombre geográfico como elemento de entrada |
Maíz |
| Subdivisión general |
Efecto del clima |
| 700 0# - PUNTO DE ACCESO ADICIONAL--NOMBRE DE PERSONA |
| 9 (RLIN) |
78119 |
| Nombre de persona |
Mora Aguilar, Rafael |
| Término indicativo de función/relación |
Director de tesis. |
| 856 ## - LOCALIZACIÓN Y ACCESO ELECTRÓNICOS |
| Identificador Uniforme del Recurso |
http://10.13.5.2/tesis/tm/1310777-1___Gabino_Rodriguez_Elena.pdf |
| Nota pública |
DESCARGAR PDF |
| 942 ## - ELEMENTOS DE PUNTO DE ACCESO ADICIONAL (KOHA) |
| Fuente del sistema de clasificación o colocación |
Clasificación Universidad Autónoma Chapingo |